عرض عادي
عرض مارك
- Bronte, Charlotte,
مدخل إسم شخص
001 - رقم الضبط
- حقل الضبط: 57389
003 - معرف رقم الضبط
- حقل الضبط: OSt
005 - تاريخ ووقت أخر عملية
- حقل الضبط: 20170302094218.0
008 - عناصر بيانات ثابتة الطول
- حقل تحكم ثابت الطول: 170302|| aca||aabn | a|a d
040 ## - مصدر الفهرسة
- هيئة الفهرسة الأصلية: OSt
- وكالة الكتابة: OSt
100 ## - مدخل -- أسم شخص
- إسم شخص: Bronte, Charlotte,
- تواريخ مرتبطة بالاسم: 1816-1855.
670 ## - بيانات المصدر موجوده
- الاستشهاد بالمصدر: Work cat.: (OSt)31707: Bronte, Charlotte, 1816-1855., Jane Eyre :, c2000.
